MARC

LEADER 00000nam0a2200000 4500
001 355985
005 20231102010841.0
035 |a (RuTPU)RU\TPU\retro\13245 
090 |a 355985 
100 |a 20200714d1973 km y0rusy50 ca 
101 0 |a rus 
102 |a RU 
105 |a a z 001zy 
200 1 |a Газотермическое напыление материалов в машиностроении  |f В. И. Сонин 
210 |a Москва  |c Машиностроение  |d 1973 
215 |a 152 с.  |c ил. 
320 |a Библиогр.: с. 150-151 
606 1 |a Газопламенное напыление  |2 stltpush  |3 (RuTPU)RU\TPU\subj\5014  |9 33186 
610 1 |a газотермические процессы 
610 1 |a газотермическое напыление 
610 1 |a машиностроение 
610 1 |a применение 
610 1 |a машиностроительные детали 
610 1 |a коррозионная стойкость 
610 1 |a жаростойкость 
610 1 |a абразивный износ 
675 |a 621.793.7  |v 4 
700 1 |a Сонин  |b В. И.  |g Вениамин Израилевич 
801 1 |a RU  |b 63413507  |c 20200714 
801 2 |a RU  |b 63413507  |c 20210316  |g RCR 
942 |c BK